I Love Rock 'N' Roll Lyrics - Joan Jett and the Blackhearts - Statistics

General Stats
  • This quiz has been taken 410 times
  • The average score is 182 of 238
Answer Stats
Answer % Correct
I
100%
love
99%
rock
99%
roll
99%
And
98%
and
98%
the
95%
The
95%
baby
93%
me,
93%
me
93%
jukebox,
90%
with
90%
in
89%
put
89%
So
89%
so
89%
another
87%
dance
86%
dime
82%
be
81%
you
81%
he
79%
He
79%
yeah
78%
come
76%
it
74%
take
74%
was
74%
song
71%
song,
71%
him
70%
machine
70%
on,
69%
on
69%
saw
69%
Singing,
69%
singing
69%
Singing
69%
we
69%
my
68%
seventeen
67%
time
67%
record
66%
your
66%
by
65%
favourite
64%
knew
64%
there
64%
about
63%
"Can
63%
can
63%
have
63%
been
60%
could
59%
Playing
59%
long
58%
alone?"
57%
must
57%
that
57%
said
56%
said,
56%
wouldn't
56%
home
55%
tell
55%
dancing
54%
moving
53%
Where
53%
same
51%
for
49%
his
49%
were
49%
we're
49%
strong
47%
all
46%
going
45%
it's
45%
asked
44%
till
44%
name
43%
don't
42%
next
42%
Next
42%
beat
40%
'cause
40%
up
39%
matter,
38%
got
36%
old
36%
smiled,
30%
till
30%
we'll
30%
But
24%
Ow!
22%
No matching quizzes found
Score Distribution
Percent of People with Each Score
Percentile by Number Answered
Your Score History
You have not taken this quiz